Secondary Metabolism and Differentiation in Fungi : (Record no. 592413)

MARC details
000 -LEADER
fixed length control field 00403nam a2200157 a 4500
008 - FIXED-LENGTH DATA ELEMENTS--GENERAL INFORMATION
fixed length control field 251018s1983##################000#0#eng##
020 ## - INTERNATIONAL STANDARD BOOK NUMBER
ISBN 0824718194
082 04 - DEWEY DECIMAL CLASSIFICATION NUMBER
Classification number 589.2048761
Item number BEN.5
100 1# - MAIN ENTRY--AUTHOR NAME
Personal name Bennett,
245 10 - TITLE STATEMENT
Title Secondary Metabolism and Differentiation in Fungi :
260 ## - PUBLICATION, DISTRIBUTION, ETC. (IMPRINT)
Name of publisher CRC Press,
Year of publication 1983.
300 ## - PHYSICAL DESCRIPTION
Number of Pages 504 pages
650 #0 - SUBJECT ADDED ENTRY--TOPICAL TERM
Topical Term Science.
942 ## - ADDED ENTRY ELEMENTS (KOHA)
Koha item type English Books
Holdings
Withdrawn status Lost status Damaged status Not for loan Home library Current library Shelving location Date acquired Full call number Accession Number Price effective from Koha item type
        Anna Centenary Library Anna Centenary Library 5TH FLOOR, B WING 18.10.2025 589.2048761 BEN.5 179738 18.10.2025 English Books

Find us on the map